Running and Maintenance of the marine diesel engine (Record no. 12106)

000 -LEADER
fixed length control field 00572nam a22001697a 4500
008 - FIXED-LENGTH DATA ELEMENTS--GENERAL INFORMATION
fixed length control field 210120b ||||| |||| 00| 0 eng d
082 00 - DEWEY DECIMAL CLASSIFICATION NUMBER
Classification number 623.87236
Item number L2181
100 ## - MAIN ENTRY--PERSONAL NAME
9 (RLIN) 785
Personal name Lamb, John
245 10 - TITLE STATEMENT
Title Running and Maintenance of the marine diesel engine
250 ## - EDITION STATEMENT
Edition statement 6th ed.
260 ## - PUBLICATION, DISTRIBUTION, ETC. (IMPRINT)
Place of publication, distribution, etc London
Name of publisher, distributor, etc Charles Griffin & Co
Date of publication, distribution, etc 1957
300 ## - PHYSICAL DESCRIPTION
Extent vii,432 p.
365 ## - TRADE PRICE
Unit of pricing 56.70
504 ## - BIBLIOGRAPHY, ETC. NOTE
Bibliography, etc A reference book for engineers of the merchant navy and those seeking a working knowledge of marine diesel engines<br/>
650 #0 - SUBJECT ADDED ENTRY--TOPICAL TERM
Topical term or geographic name as entry element Marine Diesel Motors
942 ## - ADDED ENTRY ELEMENTS (KOHA)
Item type Books
Holdings
Withdrawn status Lost status Source of classification or shelving scheme Damaged status Not for loan Permanent location Current location Date acquired Source of acquisition Full call number Barcode Date last seen Koha item type Total Checkouts Checked out Date last borrowed
          IMU Kolkata IMU Kolkata 1970-02-26 W. Newman & Co 623.87236 L2181 03428 2021-01-20 Books      
          IMU Kolkata IMU Kolkata 1970-02-26 W. Newman & Co 623.87236 L2181 03429 2023-06-02 Books 1 2023-11-29 2023-06-02
Designed and Maintained by IMU-KC Library, Kolkata Campus © Copyright All Rights Reserved

webs counters

Powered by Koha